000 00536nam a2200217Ia 4500
003 OSt
005 20220928143301.0
006 a|||||r|||| 00| 0
007 ta
008 220927b |||||||| |||| 00| 0 eng d
024 _a21555
037 _cTextual
040 _aSDCL
_cSDCL
_beng
041 _2eng
_aeng
082 _aO15:gx, L4
100 _aParekh Nageendas
_9409718
245 0 _aAbhinava ka rasa-vivechan.
260 _c1974
942 _hO15:gx, L4
_cTEXL
_2CC
999 _c823594
_d823594